Loading...
| Literature - American Literature | 0 | 6 | 0 | 0 | 60 | 38 | 85.33 | 1 | 3 |
| Literature - World Literature | 0 | 4 | 0 | 0 | 40 | 62 | 87.50 | 1 | 3 |
| Literature - European Literature | 0 | 3 | 1 | 0 | 25 | 88 | 116.00 | 1 | 2 |
| Fine Arts - Other Fine Arts | 0 | 2 | 0 | 0 | 20 | 22 | 41.50 | 1 | 2 |
| Fine Arts - Painting & Sculpture | 0 | 2 | 0 | 1 | 20 | 110 | 126.00 | 0 | 0 |
| Literature - British Literature | 0 | 3 | 2 | 0 | 20 | 82 | 92.67 | 0 | 2 |
| Philosophy | 0 | 2 | 0 | 0 | 20 | 109 | 130.00 | 0 | 0 |
| Social Science | 0 | 1 | 0 | 0 | 10 | 133 | 133.00 | 0 | 0 |
| Other Academic | 0 | 1 | 0 | 0 | 10 | 103 | 103.00 | 0 | 0 |
| Religion | 0 | 0 | 2 | 0 | -10 | 0.00 | 0 | 0 |